Ont-ils déjà joué avec... Cher ? - Statistiques

Statistiques générales
  • Ce quiz a été pris 4 fois
  • Le résultat moyen est 3 sur 10
Answers on the Grid
Answers color-coded by a green-red scale on the quiz's grid according to % correct below.
Paul Newman
Steve McQueen
Marilyn Monroe
Audrey Hepburn
Ingrid Bergman
Jack Lemmon
Cameron Diaz
Jack Nicholson
Ethan Hawke
Antonio Banderas
Christopher Walken
Emma Thompson
Matt Damon
Sophia Loren
Maggie Smith
Liam Neeson
Winona Ryder
Meryl Streep
Andy Garcia
Christina Aguilera
 
Statistiques - réponses
Réponse % Correct
Winona Ryder
100%
Christina Aguilera
50%
Meryl Streep
50%
Andy Garcia
25%
Jack Nicholson
25%
Matt Damon
25%
Jack Lemmon
0%
Liam Neeson
0%
Maggie Smith
0%
Sophia Loren
0%
Aucun quiz correspondant
Distribution des résultats
% des personnes avec chaque résultat
Percentile par nombre de réponses
Votre historique - résultats
Vous n’avez pas pris ce quiz